000 00727nam a22002417a 4500
001 BR7404053
003 BR-BrBNA
005 20230928084559.0
007 ta
008 230509b bl.||||| |||| 00| 0 por d
040 _aBR-BrBNA
_bpor
_cBiblioteca Nacional de Agricultura
041 _a(Por)
072 _aE50
_b/G514
090 _ E50 BR7404053
110 1 _aInstituto Nacional de Colonizacao e Reforma Agraria, Belo Horizonte, MG (Brasil). Coordenadoria Regional de Minas Gerais
_96406
245 1 _aA A Amazonia e sua colonizacao [Brasil]
260 3 _aBelo Horizonte, MG (Brasil):
_c1973.
300 _a8 p.
650 _aAMAZONIA
650 _aCOLONIZACAO
909 _a202309
_bLucia
_c55
_dLucia Elande
942 _cBK
999 _c19889
_d19889